| 000 | 00419nam a22001577a 4500 | ||
|---|---|---|---|
| 020 | _a9789382333029 | ||
| 082 |
_aH 891.430 71 _bVIM/H |
||
| 100 |
_aVimlesh _957913 |
||
| 245 |
_aHindi sahitya ke vivid ayam/ _cby Vimlesh |
||
| 260 |
_aKanpur: _bSahitya Nilayam, _c2013. |
||
| 300 | _a192p. | ||
| 650 |
_aLiterary writers Hindi _957914 |
||
| 650 |
_aLiterature Hindi _957915 |
||
| 650 |
_aLiterature _957916 |
||
| 942 | _cBK | ||
| 999 |
_c58573 _d58573 |
||